NBA Chain - Statistics

General Stats
  • This quiz has been taken 598 times
  • The average score is 7 of 15
Answer Stats
Hint Answer % Correct
2017 Champions Warriors
97%
Team James Harden plays for Rockets
90%
Only team from Canada Raptors
78%
Team from what state that is now known as the Oklahoma City Thunder Seattle
62%
Team that plays in MSG New York Knicks
60%
Magic Johnson’s First name Earvin
54%
Denver Nuggets play in this state Colorado
53%
Wore 32 for Los Angeles Lakers Shaquille O’Neal
53%
Former Seattle SuperSonics All Star Shawn Kemp
52%
Houston Rocket that played for 9 seasons Yao Ming
35%
Changed his name to Kareem Abdul Jabbar Lou Alcindor
33%
Former Knick and Chicago Bull with the first name Charles and last name... Oakley
33%
Name of Charlotte Hornets Arena Spectrum Center
20%
All Star Forward of the Boston Celtics Gordon Hayward
12%
One of the top Sacramento Kings players ever Peja Stojakovic
9%
No matching quizzes found
Score Distribution
Percent of People with Each Score
Percentile by Number Answered
Your Score History
You have not taken this quiz